| 000 | 01005nam a22002177a 4500 | ||
|---|---|---|---|
| 999 |
_c57543 _d57543 |
||
| 003 | Ge_BSU | ||
| 005 | 20221221150253.0 | ||
| 008 | 200727s2020 ge ||||| |||| 00| 0 geo d | ||
| 041 | _ageo | ||
| 080 | _a82 კ-36 | ||
| 100 |
_aკახიძე, სოფიო _99047 |
||
| 245 |
_aფიტონიმებით მოტივირებული იდიომების კვლევა ფრანგულ და ქართულ ენებში / _cსოფიო კახიძე, სამეცნ.ხელმძღვ. ნ. სურგულაძე. |
||
| 264 |
_aბათუმი, _c2020. |
||
| 300 |
_a214 გვ. _b30 სმ. _cილ. |
||
| 504 | _aბიბლიოგრ. გვ. 143-150 | ||
| 653 | _aფილოლოგია | ||
| 653 | _aლინგვისტიკა | ||
| 653 | _aდისერტაცია | ||
| 700 |
_aსურგულაძე, ნ. _eსამეცნ.ხელმძღვანელი _97643 |
||
| 942 |
_2udc _cDS |
||